| 000 | 00944nam a2200253Ia 4500 | ||
|---|---|---|---|
| 003 | OSt | ||
| 005 | 20221005110333.0 | ||
| 006 | a|||||r|||| 00| 0 | ||
| 007 | ta | ||
| 008 | 221004b |||||||| |||| 00| 0 hin d | ||
| 020 |
_a9788179752302 (hbk) _c200 |
||
| 024 | _a100274 | ||
| 037 |
_b398, 22/03/2010, Swaraj Prakashan _cTextual |
||
| 040 |
_aCRL _cCRL _bhin |
||
| 041 |
_2hin _ahin |
||
| 082 | _aO44(Y5927):g(Y15), 152P8 | ||
| 100 | _aथोरात, विमल | ||
| 245 | 0 | _aदलित साहित्य का स्त्रीवादी स्वर | |
| 246 | _aDalit sāhitya kā strīvādī svara | ||
| 260 |
_aनई दिल्ली _bअनामिका पब्लिशर्स भारत _c2008 |
||
| 300 |
_a130पृ0 _ccm. |
||
| 942 |
_hO44(Y5927):g(Y15), 152P8 _cTEXL _2cc |
||
| 999 |
_c1018489 _d1018489 |
||